000
00266nam a22001097a 4500
082
_a
621.381528 STO
100
_a
STONER,DONALD.L
_9
57439
245
_a
TRANSISTOR TRANSMITTERS FOR THE AMATEUR
260
_a
NEW YORK
_b
JOHN WILEY
_c
1964
300
_a
128P
942
_c
BK
999
_c
567721
_d
567721